Central Library OPAC University of Rajshahi

জিয়াউর রহমান ও জাতীয়তাবাদ / (Record no. 47778)

MARC details
000 -LEADER
fixed length control field 00774nam a2200205 a 4500
001 - CONTROL NUMBER
control field 47778
003 - CONTROL NUMBER IDENTIFIER
rucl marc code BD-RjUL
005 - DATE AND TIME OF LATEST TRANSACTION
control field 20211209054407.0
008 - FIXED-LENGTH DATA ELEMENTS--GENERAL INFORMATION
fixed length control field 160810s2002 bg ||||| |||| 00| e b d
035 ## - SYSTEM CONTROL NUMBER
System control number (BD-RjUL)47897
040 ## - CATALOGING SOURCE
Original cataloging agency BD-RjUL
Language of cataloging ben
Transcribing agency BD-RjUL
Modifying agency BD-RjUL
041 ## - LANGUAGE CODE
Language code of text/sound track or separate title ben
082 ## - DEWEY DECIMAL CLASSIFICATION NUMBER
Edition number 23
Classification number 352.23095492
Author mark and year ZIA 2002
245 1# - TITLE STATEMENT
Title জিয়াউর রহমান ও জাতীয়তাবাদ /
Statement of responsibility, etc. সম্পাদনা এম এস দোহা
260 ## - PUBLICATION, DISTRIBUTION, ETC. (IMPRINT)
Place of publication, distribution, etc. ঢাকা :
Name of publisher, distributor, etc. হিমি বুকস এন্ড বুকস,
Date of publication, distribution, etc. ২০০২
300 ## - PHYSICAL DESCRIPTION
Pagination ৩২০ পৃ. ;
Size ২১ সেমি.
650 ## - SUBJECT ADDED ENTRY--TOPICAL TERM
Topical term or geographic name as entry element রাষ্ট্রপতি
9 (RLIN) 171326
Geographic subdivision বাংলাদেশ
Topical term or geographic name as entry element President
9 (RLIN) 171871
Geographic subdivision Bangladesh
942 ## - ADDED ENTRY ELEMENTS (KOHA)
Source of classification or shelving scheme Dewey Decimal Classification
Koha item type Books
Holdings
Lost status Source of classification or shelving scheme Damaged status Not for loan Collection code Permanent Location Current Location Shelving location Date acquired Source of acquisition Cost, normal purchase price Total Checkouts Full call number Date last seen Date checked out Copy number Koha item type
  Dewey Decimal Classification     Non-fiction Central Library, University of Rajshahi Central Library, University of Rajshahi   14/09/2003 Paragon Enterprise, Dhaka 300.00 1 B 352.23095492 ZIA 2002 12/06/2017 27/05/2017 C-2 Books
  Dewey Decimal Classification   Not For Loan Non-fiction Central Library, University of Rajshahi Central Library, University of Rajshahi Reading Room 14/09/2003 Paragon Enterprise Ltd.Dhaka. 300.00   B 352.23095492 ZIA 2002 11/12/2016   C-1 Books